000 00641cab a2200229 4500
001 WB3107-42
008 090401t1995 xxu||||| |||| 00| 0 eng d
035 _a(Sirsi) u3446
041 _aeng
245 _aWarning over agencies glut
260 _c1995
350 _a0
490 _aProperty Week
_v50(7) 16 February 1995, 17(1)
520 _aKey Note warns that one in five estate agents operate almost at a loss.
650 _aESTATE AGENCY MARKET
650 _aESTATE AGENTS
650 _aOVERSUPPLY
650 _aPROFITS
690 _aMANAGEMENT-BUSINESS MANAGEMENT-PROFESSIONAL PRACTICE
942 _n0
948 _c04/03/1997
999 _c2117
_d2117